Dificultades de aprendizaje e intervención psicopedagógica
Salvato in:
| Autori principali: | , |
|---|---|
| Natura: | Libro |
| Lingua: | spagnolo |
| Pubblicazione: |
Madrid
EOS
2001
|
| Serie: | Fundamentos Psicopedagógicos
|
| Soggetti: | |
| Tags: |
Aggiungi Tag
Nessun Tag, puoi essere il primo ad aggiungerne!!
|
MARC
| LEADER | 00000nam a2200000 a 4500 | ||
|---|---|---|---|
| 001 | UCH1532 | ||
| 003 | CL-VaPUC | ||
| 008 | 090430e20010000SP |||||||||||||||||spa|d | ||
| 020 | |a 8489967806o.c | ||
| 020 | |a 8489967687v.1 | ||
| 020 | |a 8489967695v.2 | ||
| 082 | 0 | 4 | |a 371.92 |b GON |2 21 |
| 100 | |a González Manjón, Daniel |e author |9 598086 | ||
| 700 | |a García Vidal, Jesús |e author |9 598084 | ||
| 245 | 1 | 0 | |a Dificultades de aprendizaje e intervención psicopedagógica |
| 300 | |a v | ||
| 942 | |c BK | ||
| 945 | |d 20090430 00:00:00 |a rbrito | ||
| 260 | |a Madrid |b EOS |c 2001 | ||
| 500 | |a v.1: Concepto, evaluación y tratamiento | ||
| 500 | |a v.2 Lectura y escritura | ||
| 650 | 0 | |a Psicología del aprendizaje |9 306854 | |
| 650 | 0 | |a Trastornos del aprendizaje |9 307969 | |
| 650 | 0 | |a Educación especial |9 307486 | |
| 650 | 7 | |a EVALUACION DEL APRENDIZAJE |2 CL-VaPUC |9 528924 | |
| 583 | |a last modification |c 20090430 00:00:00 |k Rodrigo Vera | ||
| 490 | 0 | |a Fundamentos Psicopedagógicos | |
| 999 | |c 333543 |d 333541 | ||
| 952 | |0 0 |1 0 |4 0 |6 371_920000000000000_GON_2001 |7 0 |8 R |9 422015 |a BIBEDU |b BIBEDU |c MCIRC |d 2019-11-22 |h v.1 |i 4545826 |o 371.92 GON 2001 |p 4545826 |r 2023-01-13 |w 2019-11-22 |y BK_R |k EDI | ||
| 952 | |0 0 |1 0 |4 0 |6 371_920000000000000_GON_2001 |7 0 |8 R |9 422016 |a BIBEDU |b BIBEDU |c MCIRC |d 2019-11-22 |h v.1 |i 4767543 |l 3 |o 371.92 GON 2001 |p 4767543 |r 2024-03-25 |s 2024-03-21 |w 2019-11-22 |y BK_R |k EPE | ||
| 952 | |0 0 |1 0 |4 0 |6 371_920000000000000_GON_2001 |7 0 |8 R |9 422017 |a BIBEDU |b BIBEDU |c MCIRC |d 2019-11-22 |h v.2 |i 4767551 |l 3 |m 2 |o 371.92 GON 2001 |p 4767551 |r 2024-11-13 |s 2024-10-22 |w 2019-11-22 |y BK_R |k EPE | ||